The impact of immigratio on policy on communities: an introduction to the symposium (Record no. 53119)

000 -LEADER
fixed length control field 00475pab a2200169 454500
008 - FIXED-LENGTH DATA ELEMENTS--GENERAL INFORMATION
fixed length control field 180718b2002 xxu||||| |||| 00| 0 eng d
100 ## - MAIN ENTRY--PERSONAL NAME
Personal name McCue, Clifford P.
245 ## - TITLE STATEMENT
Title The impact of immigratio on policy on communities: an introduction to the symposium
260 ## - PUBLICATION, DISTRIBUTION, ETC.
Date of publication, distribution, etc. 2002
300 ## - PHYSICAL DESCRIPTION
Extent p.53-57.
650 ## - SUBJECT ADDED ENTRY--TOPICAL TERM
Topical term or geographic name entry element Communities
650 ## - SUBJECT ADDED ENTRY--TOPICAL TERM
Topical term or geographic name entry element Immigration
650 ## - SUBJECT ADDED ENTRY--TOPICAL TERM
Topical term or geographic name entry element Migration law
700 ## - ADDED ENTRY--PERSONAL NAME
Personal name Norris-Tirrell, Dorothy
773 ## - HOST ITEM ENTRY
Main entry heading Policy Studies Journal
909 ## -
-- 53119
Holdings
Withdrawn status Lost status Damaged status Not for loan Permanent Location Current Location Date acquired Serial Enumeration / chronology Barcode Date last seen Price effective from Koha item type
        Indian Institute of Public Administration Indian Institute of Public Administration 2018-07-19 Volume no: 30, Issue no: 1 AR53556 2018-07-19 2018-07-19 Articles

Powered by Koha